000 00582nam a2200205Ia 4500
005 20250923150024.0
008 008 250917s9999 xx 000 0 eng d
037 _aTextual
040 _aDSWL
_beng
_cDSWL
041 _aeng
_2eng
084 _qDSWL
100 _aMandelbaum, D.G.
_9841387
245 0 _aSociety in India : 2vol. VI : Continuity and change Vol.2 : Change and continuity
_c by D.G. Mandelbaum
260 _aBombay
_bPopular
_c1972
300 _a665,37,14 p.
365 _aINR
_b325.00
925 _g325.00
942 _cTEXL
999 _c1458626
_d1458626